|
|
|
|
| LEADER |
00840nam a2200265 4500 |
| 001 |
DLU140159564 |
| 005 |
##20140212 |
| 040 |
# |
# |
|a DLU
|b vie
|
| 041 |
# |
# |
|a vie
|
| 044 |
# |
# |
|a vn
|
| 100 |
# |
# |
|a Nguyễn Thị Minh Tâm,
|c TS.
|
| 245 |
# |
# |
|a Đẩy mạnh công tác cán bộ ở các tỉnh miền núi phía Bắc nước ta /
|c Nguyễn Thị Minh Tâm.
|
| 653 |
# |
# |
|a Chế độ chính sách
|
| 653 |
# |
# |
|a Phát triển miến núi
|
| 653 |
# |
# |
|a Phát triển nguồn nhân lực
|
| 773 |
# |
# |
|t Giáo dục lý luận
|g Số 6(147), 2009, tr. 27-30
|
| 920 |
# |
# |
|a Phòng Tạp chí -- Trung tâm Thông tin - Thư viện Trường Đại học Đà Lạt
|
| 994 |
# |
# |
|a DLU
|
| 900 |
# |
# |
|a True
|
| 911 |
# |
# |
|a Nguyễn Thị Linh Chi
|
| 925 |
# |
# |
|a G
|
| 926 |
# |
# |
|a A
|
| 927 |
# |
# |
|a BB
|
| 980 |
# |
# |
|a Thư viện Trường Đại học Đà Lạt
|